000 00566nam a2200205Ia 4500
005 20250326141941.0
008 250326s9999 xx 000 0 und d
020 _a0-85013-128-6
037 _aTextbook
040 _aFMSL
_beng
_cFMSL
041 _aeng
_2eng
084 _aX:513g M2
_qFMSL
100 _aStansfield R H
_9740220
245 0 _aAdvertising manager's handbook
_cStansfield R H
250 _a3rd
260 _aChicago
_bChicago, Dartnell corporation
_c1982
300 _a1088p
942 _cTB
_hX:513g M2
999 _c1292747
_d1292747